/ تعلیمی ادارے (Record no. 109571)

MARC details
000 -LEADER
fixed length control field 00799nam a22002417a 4500
005 - DATE AND TIME OF LATEST TRANSACTION
control field 20170123162355.0
010 ## - LIBRARY OF CONGRESS CONTROL NUMBER
LC control number B-077908
020 ## - INTERNATIONAL STANDARD BOOK NUMBER
Terms of availability 125.00
035 ## - SYSTEM CONTROL NUMBER
System control number B-077908
037 ## - SOURCE OF ACQUISITION
Source of stock number/acquisition Cen Lib/Ret
040 ## - CATALOGING SOURCE
Original cataloging agency DPL
Language of cataloging UR
082 ## - DEWEY DECIMAL CLASSIFICATION NUMBER
Classification number 371
Item number ت ع ل
245 ## - TITLE STATEMENT
Title / تعلیمی ادارے
246 ## - VARYING FORM OF TITLE
Title proper/short title Talimi idare /
260 ## - PUBLICATION, DISTRIBUTION, ETC. (IMPRINT)
Place of publication, distribution, etc پٹنہ
Name of publisher, distributor, etc خدا بخش ورئیےنٹل پبلک لائبریری
Date of publication, distribution, etc 2001
270 ## - ADDRESS
Address خدا بخش ورئیےنٹل پبلک لائبریری
City پٹنہ
300 ## - PHYSICAL DESCRIPTION
Extent 374p.
Dimensions 21cm(pbk)
650 ## - SUBJECT ADDED ENTRY--TOPICAL TERM
Topical term or geographic name as entry element تعلیم
9 (RLIN) 141198
650 ## - SUBJECT ADDED ENTRY--TOPICAL TERM
Topical term or geographic name as entry element اسکول اور سرگرمیوں؛ خصوصی تعلیم
9 (RLIN) 141199
650 ## - SUBJECT ADDED ENTRY--TOPICAL TERM
Topical term or geographic name as entry element Education
9 (RLIN) 1169
650 ## - SUBJECT ADDED ENTRY--TOPICAL TERM
Topical term or geographic name as entry element Schools & Activities; Special Education
9 (RLIN) 141200
942 ## - ADDED ENTRY ELEMENTS (KOHA)
Source of classification or shelving scheme Dewey Decimal Classification
Koha item type Urdu Bks
Classification part 371
Call number suffix ت ع ل
Holdings
Withdrawn status Lost status Damaged status Not for loan Home library Current library Date acquired Source of acquisition Cost, normal purchase price Total Checkouts Full call number Barcode Date last seen Copy number Cost, replacement price Price effective from Koha item type
        Central Library Central Library 19/03/2016 Cen Lib/Ref 125.00   371 ت ع ل B-077908 19/03/2016 1 125.00 19/03/2016 Urdu Bks

© Delhi Public Library
Hit Counter
free hit counter